00333pab a2200109 454500008004000000100001600040245011300056260000900169300001300178650001700191773001500208180718b2012 xxu||||| |||| 00| 0 eng d aMead, David aOutcomes aren't all: Defending process-based review of public authority decisions under the human rights act c2012 ap.61-84. aHuman rights aPublic Law